[Event "Kesan op 14th"]
[Site "Kesan"]
[Date "2016.08.16"]
[Round "5"]
[White "Ererdem, Gani Eren"]
[Black "Guzel, Fatih"]
[Result "1/2-1/2"]
[WhiteElo "2147"]
[BlackElo "1847"]
[PlyCount "54"]
[EventDate "2016.08.14"]
[EventType "swiss"]
[EventRounds "9"]
[EventCountry "TUR"]
[SourceTitle "CBM 173 Extra"]
[Source "ChessBase"]
[SourceDate "2016.08.29"]
[SourceVersion "1"]
[SourceVersionDate "2016.08.29"]
[SourceQuality "1"]

1. d4 Nf6 2. Nf3 e6 3. g3 d5 4. Bg2 Be7 5. 0-0 b5 6. Nbd2 Nbd7 7. c3 c5 8. dxc5 Nxc5 9. Nd4 Bd7 10. N2f3 0-0 11. Ne5 Rc8 12. Nxd7 Qxd7 13. Nb3 Rfd8 14. Nxc5 Rxc5 15. a4 a6 16. axb5 axb5 17. Be3 Rc4 18. Ra7 Qd6 19. Bf4 e5 20. Bd2 Ne4 21. Bxe4 Rxe4 22. e3 Rc4 23. Qe2 Bf8 24. Rfa1 Qg6 25. Qf3 Rcc8 26. Rb7 f6 27. Rxb5 Qd3 1/2-1/2

[Event "Istanbul op"]
[Site "Istanbul"]
[Date "2014.09.01"]
[Round "1"]
[White "Yilmaz, Mustafa"]
[Black "Guzel, Fatih"]
[Result "1-0"]
[WhiteElo "2581"]
[BlackElo "1901"]
[PlyCount "93"]
[EventDate "2014.09.01"]
[EventType "swiss"]
[EventRounds "9"]
[EventCountry "TUR"]
[SourceTitle "CBM 162 Extra"]
[Source "ChessBase"]
[SourceDate "2014.10.17"]
[SourceVersion "1"]
[SourceVersionDate "2014.10.17"]
[SourceQuality "1"]

1. c4 Nf6 2. Nc3 e6 3. e4 e5 4. Nf3 d6 5. d4 Nbd7 6. Be2 Be7 7. 0-0 0-0 8. Re1 c6 9. Rb1 Re8 10. Bf1 Bf8 11. d5 c5 12. a3 g6 13. b4 b6 14. Bd3 Bg7 15. Bc2 Rf8 16. Ba4 Nb8 17. Bc6 Nxc6 18. dxc6 Be6 19. Nd5 Rc8 20. b5 Nxd5 21. cxd5 Bg4 22. h3 Bxf3 23. Qxf3 f5 24. a4 fxe4 25. Qxe4 Qf6 26. Re2 Qf5 27. a5 bxa5 28. Ra1 Bf6 29. Rxa5 Rf7 30. Qxf5 gxf5 31. Rea2 Rcc7 32. Rxa7 Rxa7 33. Rxa7 Rxa7 34. b6 Ra1 35. c7 Rxc1+ 36. Kh2 c4 37. c8Q+ Kg7 38. b7 Rb1 39. b8Q Rxb8 40. Qc7+ Kg6 41. Qxb8 c3 42. Qxd6 e4 43. Qc6 f4 44. d6 e3 45. fxe3 fxe3 46. d7 Kf7 47. Qxf6+ 1-0

[Event "Gebze op"]
[Site "Gebze"]
[Date "2013.10.04"]
[Round "4"]
[White "Guzel, Fatih"]
[Black "Baciu, Diana"]
[Result "0-1"]
[WhiteElo "1911"]
[BlackElo "2292"]
[PlyCount "68"]
[EventDate "2013.10.03"]
[EventType "swiss"]
[EventRounds "7"]
[EventCountry "TUR"]
[SourceTitle "CBM 157 Extra"]
[Source "ChessBase"]
[SourceDate "2013.12.19"]
[SourceVersion "1"]
[SourceVersionDate "2013.12.19"]
[SourceQuality "1"]

1. e4 e6 2. d4 d5 3. Nd2 Nf6 4. e5 Nfd7 5. f4 c5 6. Ngf3 Nc6 7. Nb3 Be7 8. Be3 cxd4 9. Nbxd4 0-0 10. Bd3 Nc5 11. Be2 Nxd4 12. Bxd4 b6 13. 0-0 Bb7 14. Nd2 f5 15. exf6 Bxf6 16. Bxf6 Qxf6 17. c3 d4 18. Qc2 Rad8 19. Bf3 dxc3 20. bxc3 Ba6 21. Rfd1 Bd3 22. Qb2 Qxf4 23. Kh1 e5 24. g3 Qe3 25. Re1 Qf2 26. Bg2 e4 27. Qc1 e3 28. Nb3 Nxb3 29. axb3 Be4 30. Bxe4 Rd2 31. Qxd2 exd2 32. Bd5+ Kh8 33. Red1 Re8 34. Bg2 Re1+ 0-1